00638nam a2200169 a 450000100100000000500170001000800410002704000250006824500460009325000110013926000490015030000270019904900090022695201050023595201110034099900170045100002774320200930031048.0110404s1989 dr 000 0 spa d aDO-SdBNPbspacBNPHU03aEl joven, el grupo y la Pastoral Juvenil. a2a ed. aSanto Domingo :bCasa de la Juventud,c1989. a91 P. :bil. ;c21 cm. aBNPD 0010718PDaPDbPDcCTd2011-04-04iLF1l0o p27743-10r2020-06-25w2020-06-25yLFPDZNo se presta 0010718PDaPDbPDcCTd2011-04-06iLF1l0o p27743-20r2020-06-25te. 2w2020-06-25yLFPDZNo se presta c27235d27235